Popularne zagraniczne piosenki w Polsce. 20-26.08.21 Spotify - Statystyki

Ogólne statystyki
  • Ten quiz został rozwiązany 23 razy
  • Średni wynik to 8 z 30
Statystyki odpowiedzi
Wykonawca Odsłuchania Utwór % Poprawnych
The Kid LAROI, Justin Bieber 834K STAY
78%
Måneskin 764K I WANNA BE YOUR SLAVE
61%
Dua Lipa, DaBaby 275K Levitating
50%
The Weeknd, Ariana Grande 251K Save Your Tears (Remix)
50%
Ed Sheeran 798K Bad Habits
44%
Måneskin 558K Beggin'
44%
Lil Nas X 318K MONTERO (Call Me By Your Name)
44%
Lil Nas X, Jack Harlow 453K INDUSTRY BABY
33%
Doja Cat, SZA 244K Kiss Me More
33%
Doja Cat 388K Woman
33%
Olivia Rodrigo 365K good 4 u
28%
Kungs 578K Never Going Home
28%
Minelli 496K Rampampam
28%
Marshmello, Jonas Brothers 324K Leave Before You Love Me
22%
Olivia Addams 339K Stranger
22%
Måneskin 241K ZITTI E BUONI
22%
Camila Cabello 229K Don't Go Yet
17%
Riton, Nightcrawlers, Mufasa, Hypeman 387K Friday
17%
Billie Eilish 370K Happier Than Ever
17%
Dua Lipa 352K Love Again
17%
Daria 297K Love Blind
17%
The Weeknd 314K Take My Breath
17%
Galantis, David Guetta, Little Mix 237K Heartbreak Anthem
11%
Tom Grennan 238K Little Bit of Love
11%
Doja Cat 448K Need To Know
11%
Majestic, Boney M. 243K Rasputin
11%
OneRepublic 300K Run
11%
Surf Curse 291K Freaks
6%
The Neighbourhood 220K Sweater Weather
6%
Tiësto 235K The Business
6%
Nie znaleziono quizów pasujących do podanych kryteriów
Rozkład punktacji
Procent ludzi z każdym wynikiem
Percentyl według liczby udzielonych odpowiedzi
Twoja historia wyników
Nie rozwiązałeś tego quizu